|
|
|
|
| LEADER |
00000nas a2200000 a 4500 |
| 001 |
ssj0001454276 |
| 003 |
WaSeSS |
| 005 |
20200512172242.0 |
| 006 |
m d |
| 007 |
cr n |
| 008 |
061227c20109999nyuqr p s 0 a0eng c |
| 010 |
|
|
|a 2006215761
|
| 022 |
|
|
|y 1935-2409
|
| 035 |
|
|
|a (WaSeSS)ssj0001454276
|
| 037 |
|
|
|b Nova Science Publishers, 400 Oser Ave., Suite 1600, Hauppauge, NY 11788-3619
|
| 040 |
|
|
|a NSDP
|c NSDP
|d DLC
|d WaSeSS
|
| 042 |
|
|
|a pcc
|a nsdp
|
| 050 |
0 |
0 |
|a BL60
|b .I5825
|
| 082 |
1 |
0 |
|a 306.6
|2 14
|
| 210 |
0 |
|
|a Int. j. relig. soc.
|
| 222 |
|
0 |
|a International journal of religion and society
|
| 245 |
0 |
0 |
|a International journal of religion and society
|h [electronic resource].
|
| 260 |
|
|
|a Hauppauge, N.Y. :
|b Nova Science Publishers
|
| 310 |
|
|
|a Quarterly
|
| 362 |
1 |
|
|a Began with v. 1, issue 1 (2010).
|
| 506 |
|
|
|a License restrictions may limit access.
|
| 588 |
|
|
|a Description based on: Vol. 1, issue 1 (2010); title from cover.
|
| 588 |
|
|
|a Latest issue consulted: Vol. 1, issue 4 (2010).
|
| 650 |
|
0 |
|a Religion and sociology
|v Periodicals.
|
| 650 |
|
0 |
|a Religion and social problems
|v Periodicals.
|
| 650 |
|
0 |
|a Psychology and religion
|v Periodicals.
|
| 655 |
|
0 |
|a Electronic journals.
|
| 850 |
|
|
|a DLC
|
| 856 |
4 |
0 |
|z Full text available from Research Library: 01/01/2012 to 07/31/2014
|u https://search.proquest.com/publication/2034859
|